Quiz dos Livros da Bíblia Protestante - Statistics

Estatísticas Gerais
  • Esse quiz foi jogado 226 vezes
  • A pontuação média é 44 de 66
Estatísticas das Respostas
Antigo e Novo Testamento % Correto
Gênesis
98%
97%
Exôdo
95%
Mateus
89%
Números
89%
Salmos
89%
João
86%
Deuteronômio
85%
Rute
85%
Levítico
84%
Lucas
84%
Provérbios
84%
Apocalipse
83%
Marcos
83%
II Reis
78%
I Reis
78%
Josué
78%
II Samuel
75%
I Samuel
75%
Juízes
75%
Cântico dos Cânticos
74%
Eclesiastes
74%
Ester
74%
Judas
73%
Atos dos Apóstolos
69%
I Crônicas
69%
II Crônicas
69%
Jeremias
69%
II João
68%
Isaías
67%
I Coríntios
66%
II Coríntios
66%
I João
66%
Romanos
66%
Daniel
65%
III João
65%
II Pedro
65%
I Pedro
65%
Ezequiel
64%
Habacuque
61%
Neemias
60%
Lamentações
59%
Esdras
58%
Malaquias
58%
Tiago
58%
Efésios
57%
Jonas
57%
Filipenses
55%
Hebreus
55%
I Tessalonicenses
55%
Obadias
54%
Zacarias
54%
Tito
53%
Colossenses
52%
Galátas
52%
II Tessalonicenses
52%
II Timóteo
48%
I Timóteo
48%
Naum
48%
Ageu
47%
Amós
46%
Oséias
46%
Joel
44%
Filemom
43%
Sofonias
43%
Miquéias
42%
Nenhum quiz correspondente encontrado
Distribuição das Pontuações
Porcentagem de Pessoas com Cada Pontuação
Percentil de Números Respondidos
Sua Pontuação Histórica
Você não jogou esse quiz